00201 a2200085 450000100060000004000220000624000340002824500320006265000210009451213 cAnchieta - Pituba10aMondscheinkinder pasch kinol10aMondscheinkinder pasch kino 4aLíngua alemã